[Event "Team Championship (men blitz)"]
[Site "Sochi"]
[Date "2017.10.05"]
[Round "12.19"]
[White "Levin, Evgeny A."]
[Black "Papenin, Nikolai"]
[Result "1-0"]
[LiveChessVersion "1.4.8"]
[BlackElo "2334"]
[WhiteElo "2546"]

1. d4 {[%clk 0:03:03]} Nf6 {[%clk 0:03:03]} 2. Nf3 {[%clk 0:03:03]} g6
{[%clk 0:03:05]} 3. Bg5 {[%clk 0:03:04]} Bg7 {[%clk 0:03:05]} 4. Nbd2
{[%clk 0:03:04]} d6 {[%clk 0:03:07]} 5. h3 {[%clk 0:03:04]} O-O {[%clk 0:03:07]}
6. c3 {[%clk 0:03:04]} Nbd7 {[%clk 0:03:01]} 7. e4 {[%clk 0:03:03]} e5
{[%clk 0:02:49]} 8. Bd3 {[%clk 0:03:03]} h6 {[%clk 0:02:46]} 9. Be3
{[%clk 0:03:03]} Re8 {[%clk 0:02:43]} 10. O-O {[%clk 0:03:03]} Nh5
{[%clk 0:02:37]} 11. Re1 {[%clk 0:03:02]} Nf8 {[%clk 0:02:28]} 12. dxe5
{[%clk 0:02:52]} dxe5 {[%clk 0:02:26]} 13. Bf1 {[%clk 0:02:35]} Ne6
{[%clk 0:02:17]} 14. Nc4 {[%clk 0:02:19]} Qxd1 {[%clk 0:01:54]} 15. Raxd1
{[%clk 0:02:17]} f6 {[%clk 0:01:49]} 16. g3 {[%clk 0:02:12]} Ng5 {[%clk 0:01:34]}
17. Nxg5 {[%clk 0:02:11]} hxg5 {[%clk 0:01:35]} 18. Na5 {[%clk 0:01:58]} Bf8
{[%clk 0:01:31]} 19. Kg2 {[%clk 0:01:55]} Ng7 {[%clk 0:01:26]} 20. Bc4+
{[%clk 0:01:47]} Ne6 {[%clk 0:01:26]} 21. Bd5 {[%clk 0:01:45]} c6
{[%clk 0:00:44]} 22. Bb3 {[%clk 0:01:15]} Kg7 {[%clk 0:00:45]} 23. Nc4
{[%clk 0:01:13]} Nc5 {[%clk 0:00:37]} 24. Bc2 {[%clk 0:01:09]} b6
{[%clk 0:00:21]} 25. Nd6 {[%clk 0:01:01]} Bxd6 {[%clk 0:00:20]} 26. Rxd6
{[%clk 0:01:02]} Re6 {[%clk 0:00:12]} 27. Red1 {[%clk 0:00:52]} Kf8
{[%clk 0:00:06]} 28. Bxc5 {[%clk 0:00:41]} bxc5 {[%clk 0:00:07]} 29. Bb3
{[%clk 0:00:41]} Rxd6 {[%clk 0:00:07]} 30. Rxd6 {[%clk 0:00:42]} Ke7
{[%clk 0:00:05]} 31. Rxc6 {[%clk 0:00:43]} Bd7 {[%clk 0:00:05]} 32. Rxc5
{[%clk 0:00:43]} Rh8 {[%clk 0:00:06]} 33. g4 {[%clk 0:00:39]} Kd6
{[%clk 0:00:05]} 34. Ra5 {[%clk 0:00:38]} f5 {[%clk 0:00:06]} 35. gxf5
{[%clk 0:00:33]} gxf5 {[%clk 0:00:07]} 36. Ra6+ {[%clk 0:00:34]} Kc5
{[%clk 0:00:06]} 37. Rxa7 {[%clk 0:00:21]} Bc6 {[%clk 0:00:06]} 38. Ra5+
{[%clk 0:00:15]} Kb6 {[%clk 0:00:07]} 39. Rxe5 {[%clk 0:00:16]} Bxe4+
{[%clk 0:00:07]} 40. f3 {[%clk 0:00:17]} Bb1 {[%clk 0:00:08]} 41. a4
{[%clk 0:00:14]} Rd8 {[%clk 0:00:09]} 42. a5+ {[%clk 0:00:15]} Ka7
{[%clk 0:00:10]} 43. Bc4 {[%clk 0:00:14]} Rd2+ {[%clk 0:00:11]} 44. Re2
{[%clk 0:00:15]} Rd6 {[%clk 0:00:12]} 45. b4 {[%clk 0:00:15]} Rc6
{[%clk 0:00:13]} 46. Re7+ {[%clk 0:00:14]} Kb8 {[%clk 0:00:14]} 47. Bd5
{[%clk 0:00:14]} Rxc3 {[%clk 0:00:16]} 48. a6 {[%clk 0:00:15]} Ra3
{[%clk 0:00:13]} 49. Rb7+ {[%clk 0:00:16]} Kc8 {[%clk 0:00:14]} 50. a7
{[%clk 0:00:17]} Ba2 {[%clk 0:00:07]} 51. Rb8+ {[%clk 0:00:17]} Kc7
{[%clk 0:00:08]} 52. a8=Q {[%clk 0:00:13]} Rxa8 {[%clk 0:00:09]} 53. Rxa8
{[%clk 0:00:14]} Bxd5 {[%clk 0:00:10]} 54. Ra5 {[%clk 0:00:15]} Kd6
{[%clk 0:00:11]} 55. Kf2 {[%clk 0:00:14]} Be6 {[%clk 0:00:10]} 56. Ra6+
{[%clk 0:00:15]} Ke7 {[%clk 0:00:11]} 57. b5 {[%clk 0:00:15]} Bc4
{[%clk 0:00:11]} 58. Ra5 {[%clk 0:00:15]} Kf6 {[%clk 0:00:08]} 59. b6
{[%clk 0:00:16]} 1-0

[Event "Team Championship (men blitz)"]
[Site "Sochi"]
[Date "2017.10.05"]
[Round "12.20"]
[White "Derjabin, Ilja"]
[Black "Usmanov, Vasily"]
[Result "1/2-1/2"]
[LiveChessVersion "1.4.8"]
[BlackElo "2441"]
[WhiteElo "2388"]

1. d4 {[%clk 0:03:03]} Nf6 {[%clk 0:03:03]} 2. c4 {[%clk 0:03:04]} e6
{[%clk 0:03:05]} 3. Nc3 {[%clk 0:03:05]} d5 {[%clk 0:03:06]} 4. cxd5
{[%clk 0:03:05]} exd5 {[%clk 0:03:07]} 5. Bg5 {[%clk 0:03:06]} c6
{[%clk 0:03:08]} 6. e3 {[%clk 0:03:07]} Bf5 {[%clk 0:03:09]} 7. Qf3
{[%clk 0:03:08]} Bg6 {[%clk 0:03:10]} 8. Bxf6 {[%clk 0:03:09]} Qxf6
{[%clk 0:03:11]} 9. Qxf6 {[%clk 0:03:09]} gxf6 {[%clk 0:03:13]} 10. h4
{[%clk 0:03:10]} h5 {[%clk 0:03:13]} 11. Nh3 {[%clk 0:03:11]} Nd7
{[%clk 0:03:12]} 12. Nf4 {[%clk 0:03:12]} Bd6 {[%clk 0:03:13]} 13. g3
{[%clk 0:03:13]} a5 {[%clk 0:03:11]} 14. Bh3 {[%clk 0:03:13]} Nb6
{[%clk 0:03:08]} 15. O-O-O {[%clk 0:02:56]} a4 {[%clk 0:03:05]} 16. Nxg6
{[%clk 0:02:49]} fxg6 {[%clk 0:03:06]} 17. Bf1 {[%clk 0:02:50]} f5
{[%clk 0:02:56]} 18. Bd3 {[%clk 0:02:47]} Kd7 {[%clk 0:02:53]} 19. Kc2
{[%clk 0:02:48]} Rhe8 {[%clk 0:02:45]} 1/2-1/2

[Event "Team Championship (men blitz)"]
[Site "Sochi"]
[Date "2017.10.05"]
[Round "12.21"]
[White "Sjugirov, Sanan"]
[Black "Nazaretyan, Tigran"]
[Result "1-0"]
[LiveChessVersion "1.4.8"]
[BlackElo "2335"]
[WhiteElo "2637"]

1. d4 {[%clk 0:03:03]} Nf6 {[%clk 0:03:02]} 2. Nf3 {[%clk 0:03:04]} g6
{[%clk 0:02:58]} 3. g3 {[%clk 0:03:03]} Bg7 {[%clk 0:02:59]} 4. Bg2
{[%clk 0:03:04]} O-O {[%clk 0:03:00]} 5. c4 {[%clk 0:03:05]} c5 {[%clk 0:03:00]}
6. Nc3 {[%clk 0:03:03]} d6 {[%clk 0:03:00]} 7. O-O {[%clk 0:03:03]} Nc6
{[%clk 0:03:00]} 8. d5 {[%clk 0:03:03]} Na5 {[%clk 0:03:01]} 9. Nd2
{[%clk 0:03:04]} a6 {[%clk 0:02:58]} 10. Qc2 {[%clk 0:03:04]} Rb8
{[%clk 0:02:59]} 11. Rb1 {[%clk 0:03:02]} b5 {[%clk 0:03:00]} 12. b3
{[%clk 0:03:04]} Ng4 {[%clk 0:02:42]} 13. Bb2 {[%clk 0:02:53]} Ne5
{[%clk 0:02:39]} 14. Nd1 {[%clk 0:02:49]} Bg4 {[%clk 0:02:19]} 15. f3
{[%clk 0:02:45]} Bf5 {[%clk 0:02:19]} 16. e4 {[%clk 0:02:46]} Bd7
{[%clk 0:02:17]} 17. f4 {[%clk 0:02:46]} Ng4 {[%clk 0:02:18]} 18. Bxg7
{[%clk 0:02:45]} Kxg7 {[%clk 0:02:19]} 19. h3 {[%clk 0:02:44]} Nh6
{[%clk 0:02:15]} 20. Ne3 {[%clk 0:02:33]} f6 {[%clk 0:02:13]} 21. Qc3
{[%clk 0:02:31]} Nf7 {[%clk 0:02:12]} 22. Nf3 {[%clk 0:02:22]} bxc4
{[%clk 0:02:11]} 23. bxc4 {[%clk 0:02:22]} Qc7 {[%clk 0:02:11]} 24. g4
{[%clk 0:02:19]} Rb4 {[%clk 0:01:53]} 25. a3 {[%clk 0:02:18]} Rb7
{[%clk 0:01:45]} 26. Rxb7 {[%clk 0:02:17]} Nxb7 {[%clk 0:01:47]} 27. g5
{[%clk 0:02:06]} Rb8 {[%clk 0:01:38]} 28. h4 {[%clk 0:01:57]} Na5
{[%clk 0:01:39]} 29. Nd2 {[%clk 0:01:53]} Ba4 {[%clk 0:01:27]} 30. h5
{[%clk 0:01:49]} Nb3 {[%clk 0:01:27]} 31. h6+ {[%clk 0:01:44]} Kf8
{[%clk 0:01:23]} 32. Nf3 {[%clk 0:01:37]} Nd4 {[%clk 0:01:20]} 33. Nxd4 cxd4 34.
Qxd4 Qc5 35. Qxc5 dxc5 36. gxf6 {[%clk 0:01:27]} exf6 {[%clk 0:01:26]} 37. Ng4
{[%clk 0:01:27]} Ke7 {[%clk 0:01:27]} 38. e5 {[%clk 0:01:28]} f5 {[%clk 0:01:28]}
39. Nf6 {[%clk 0:01:26]} Nxh6 {[%clk 0:01:29]} 40. d6+ {[%clk 0:01:26]} Kf7
{[%clk 0:01:21]} 41. Bd5+ Kg7 42. Re1 {[%clk 0:01:17]} Nf7 {[%clk 0:01:17]} 43.
Bxf7 {[%clk 0:01:12]} Kxf7 {[%clk 0:01:18]} 44. Nxh7 {[%clk 0:01:12]} Ke6
{[%clk 0:00:54]} 45. Re3 {[%clk 0:01:11]} Bb3 {[%clk 0:00:49]} 46. Ng5+
{[%clk 0:01:06]} Kd7 {[%clk 0:00:50]} 47. Rc3 {[%clk 0:00:56]} Ba4
{[%clk 0:00:47]} 48. Rd3 {[%clk 0:00:56]} Rb3 {[%clk 0:00:45]} 49. e6+
{[%clk 0:00:57]} Kc6 {[%clk 0:00:44]} 50. Rxb3 {[%clk 0:00:53]} Bxb3
{[%clk 0:00:46]} 51. d7 {[%clk 0:00:54]} Kc7 {[%clk 0:00:47]} 52. Nf7
{[%clk 0:00:55]} 1-0

[Event "Team Championship (men blitz)"]
[Site "Sochi"]
[Date "2017.10.05"]
[Round "12.22"]
[White "Tenikashvili, Georgij"]
[Black "Kovalev, Vladislav"]
[Result "0-1"]
[LiveChessVersion "1.4.8"]
[BlackElo "2527"]
[WhiteElo "2158"]

1. d4 {[%clk 0:03:03]} Nf6 {[%clk 0:03:04]} 2. c4 {[%clk 0:03:03]} g6
{[%clk 0:03:05]} 3. Nc3 Bg7 4. Nf3 {[%clk 0:03:06]} O-O {[%clk 0:03:07]} 5. Bg5
{[%clk 0:03:06]} d6 {[%clk 0:03:07]} 6. e3 {[%clk 0:03:07]} Nbd7 {[%clk 0:03:01]}
7. Qc2 {[%clk 0:03:08]} b6 {[%clk 0:03:00]} 8. Be2 {[%clk 0:03:08]} Bb7
{[%clk 0:03:01]} 9. O-O {[%clk 0:03:08]} e5 {[%clk 0:03:01]} 10. Rfd1
{[%clk 0:03:05]} h6 {[%clk 0:02:57]} 11. Bh4 {[%clk 0:03:05]} Qe8
{[%clk 0:02:32]} 12. Rac1 {[%clk 0:02:51]} a6 {[%clk 0:02:13]} 13. a3
{[%clk 0:02:42]} Qe6 {[%clk 0:02:06]} 14. h3 {[%clk 0:02:33]} Rae8
{[%clk 0:01:52]} 15. b4 {[%clk 0:02:24]} g5 {[%clk 0:01:29]} 16. Bg3
{[%clk 0:02:25]} Nh5 {[%clk 0:01:28]} 17. Nxg5 {[%clk 0:01:55]} hxg5
{[%clk 0:01:24]} 18. Bxh5 {[%clk 0:01:55]} Nf6 {[%clk 0:01:16]} 19. Be2
{[%clk 0:01:50]} exd4 {[%clk 0:01:12]} 20. Rxd4 {[%clk 0:01:43]} Ne4
{[%clk 0:01:08]} 21. Nxe4 {[%clk 0:00:41]} Bxe4 {[%clk 0:01:04]} 22. Qd1
{[%clk 0:00:42]} Bxd4 {[%clk 0:00:53]} 23. Qxd4 {[%clk 0:00:42]} f5
{[%clk 0:00:47]} 24. c5 {[%clk 0:00:43]} dxc5 {[%clk 0:00:20]} 25. bxc5 Rd8 26.
Qb4 {[%clk 0:00:32]} b5 {[%clk 0:00:13]} 27. Bxc7 {[%clk 0:00:25]} Rd5
{[%clk 0:00:11]} 28. Bd6 {[%clk 0:00:23]} Rc8 {[%clk 0:00:11]} 29. Bd1
{[%clk 0:00:23]} Rxd6 30. Bb3 {[%clk 0:00:11]} Bd5 {[%clk 0:00:10]} 31. Rd1
{[%clk 0:00:03]} Rdd8 {[%clk 0:00:10]} 32. Rxd5 {[%clk 0:00:03]} Rxd5
{[%clk 0:00:11]} 33. Qd4 {[%clk 0:00:04]} Rcd8 {[%clk 0:00:08]} 34. Bxd5
{[%clk 0:00:05]} Qxd5 {[%clk 0:00:09]} 35. Qf6 {[%clk 0:00:04]} f4
{[%clk 0:00:05]} 36. Qg6+ {[%clk 0:00:06]} Kf8 {[%clk 0:00:05]} 37. Qf6+ Ke8 38.
c6 {[%clk 0:00:08]} fxe3 {[%clk 0:00:04]} 39. Qg6+ {[%clk 0:00:09]} Ke7
{[%clk 0:00:04]} 40. fxe3 {[%clk 0:00:09]} Qd1+ {[%clk 0:00:05]} 41. Kh2
{[%clk 0:00:11]} Qd6+ {[%clk 0:00:06]} 42. Qxd6+ Kxd6 {[%clk 0:00:07]} 0-1

[Event "Team Championship (men blitz)"]
[Site "Sochi"]
[Date "2017.10.05"]
[Round "12.23"]
[White "Predke, Alexandr"]
[Black "Basiev, Valeriy P."]
[Result "1-0"]
[LiveChessVersion "1.4.8"]
[BlackElo "2109"]
[WhiteElo "2528"]

1. e4 {[%clk 0:03:03]} g6 {[%clk 0:03:03]} 2. f4 {[%clk 0:03:03]} Bg7
{[%clk 0:03:03]} 3. Nf3 {[%clk 0:03:04]} d6 {[%clk 0:03:04]} 4. Bc4
{[%clk 0:03:05]} e6 {[%clk 0:03:04]} 5. d3 {[%clk 0:03:03]} Ne7 {[%clk 0:03:05]}
6. Bb3 {[%clk 0:03:02]} a6 {[%clk 0:03:02]} 7. Nc3 {[%clk 0:03:02]} b5
{[%clk 0:03:02]} 8. a4 {[%clk 0:03:01]} b4 {[%clk 0:03:03]} 9. Ne2
{[%clk 0:03:02]} a5 {[%clk 0:03:03]} 10. Ng3 {[%clk 0:03:00]} O-O
{[%clk 0:03:00]} 11. O-O {[%clk 0:03:01]} c5 {[%clk 0:02:56]} 12. h4
{[%clk 0:02:54]} Kh8 {[%clk 0:02:41]} 13. h5 {[%clk 0:02:55]} d5 {[%clk 0:02:38]}
14. hxg6 {[%clk 0:02:53]} fxg6 {[%clk 0:02:32]} 15. Be3 {[%clk 0:02:51]} Qc7
{[%clk 0:01:55]} 16. Ne5 {[%clk 0:02:46]} d4 {[%clk 0:01:25]} 17. Bd2
{[%clk 0:02:43]} Bxe5 {[%clk 0:01:26]} 18. fxe5 {[%clk 0:02:44]} Rxf1+
{[%clk 0:01:19]} 19. Qxf1 {[%clk 0:02:44]} Nbc6 {[%clk 0:00:54]} 20. Qf6+
{[%clk 0:02:40]} Kg8 {[%clk 0:00:51]} 21. Bh6 {[%clk 0:02:40]} 1-0

[Event "Team Championship (men blitz)"]
[Site "Sochi"]
[Date "2017.10.05"]
[Round "12.24"]
[White "Varnazov, Lev"]
[Black "Yuffa, Daniil"]
[Result "0-1"]
[LiveChessVersion "1.4.8"]
[BlackElo "2542"]
[WhiteElo "2083"]

1. e4 {[%clk 0:03:03]} Nf6 {[%clk 0:03:02]} 2. e5 {[%clk 0:03:05]} Nd5 3. d4 d6
{[%clk 0:03:05]} 4. c4 {[%clk 0:03:08]} Nb6 {[%clk 0:03:07]} 5. exd6
{[%clk 0:03:09]} exd6 {[%clk 0:03:08]} 6. Nc3 {[%clk 0:03:10]} Be7
{[%clk 0:03:07]} 7. Be3 {[%clk 0:03:11]} O-O {[%clk 0:03:07]} 8. Rc1
{[%clk 0:03:10]} Re8 {[%clk 0:03:06]} 9. Nf3 {[%clk 0:03:03]} Bg4
{[%clk 0:03:06]} 10. Be2 {[%clk 0:03:04]} Bf6 {[%clk 0:03:05]} 11. b3
{[%clk 0:03:02]} Nc6 {[%clk 0:03:06]} 12. d5 {[%clk 0:02:57]} Bxf3
{[%clk 0:02:53]} 13. Bxf3 {[%clk 0:02:58]} Ne5 14. Be2 Bg5 {[%clk 0:02:52]} 15.
Bxg5 {[%clk 0:02:35]} Qxg5 {[%clk 0:02:52]} 16. O-O {[%clk 0:02:35]} Ng6
{[%clk 0:02:43]} 17. g3 {[%clk 0:02:25]} Nd7 {[%clk 0:02:36]} 18. Bf3
{[%clk 0:02:09]} Qf6 {[%clk 0:02:13]} 19. Bg2 {[%clk 0:02:06]} Nc5
{[%clk 0:02:08]} 20. Re1 {[%clk 0:01:33]} Ne5 {[%clk 0:02:06]} 21. Ne4
{[%clk 0:01:27]} Nxe4 {[%clk 0:02:06]} 22. Rxe4 {[%clk 0:01:28]} Re7
{[%clk 0:01:57]} 23. Qe2 {[%clk 0:01:24]} Rae8 {[%clk 0:01:54]} 24. Re1
{[%clk 0:01:25]} Kf8 {[%clk 0:01:41]} 25. Qh5 {[%clk 0:01:05]} Qg6
{[%clk 0:01:17]} 26. Qe2 {[%clk 0:00:50]} Qf6 {[%clk 0:01:18]} 27. Qh5
{[%clk 0:00:51]} Qg6 {[%clk 0:01:20]} 28. Qe2 {[%clk 0:00:53]} f5
{[%clk 0:01:17]} 29. Re3 {[%clk 0:00:46]} Qf6 {[%clk 0:01:03]} 30. Qh5
{[%clk 0:00:40]} Qg6 {[%clk 0:01:04]} 31. Qe2 {[%clk 0:00:40]} Qf6
{[%clk 0:01:05]} 32. Qh5 {[%clk 0:00:42]} h6 {[%clk 0:00:44]} 33. f4
{[%clk 0:00:36]} Ng4 {[%clk 0:00:28]} 34. Rxe7 {[%clk 0:00:33]} Rxe7
{[%clk 0:00:29]} 35. Rxe7 {[%clk 0:00:16]} Qd4+ {[%clk 0:00:26]} 36. Kf1
{[%clk 0:00:11]} Qf2# {[%clk 0:00:27]} 0-1

[Event "Team Championship (men blitz)"]
[Site "Sochi"]
[Date "2017.10.05"]
[Round "12.25"]
[White "Khismatullin, Denis"]
[Black "Tsvetkov, Andrey"]
[Result "1-0"]
[LiveChessVersion "1.4.8"]
[BlackElo "2120"]
[WhiteElo "2660"]

1. d4 {[%clk 0:03:03]} d5 {[%clk 0:03:04]} 2. c4 c6 3. Nf3 {[%clk 0:03:05]} Nf6
{[%clk 0:03:07]} 4. e3 {[%clk 0:03:06]} Bg4 {[%clk 0:03:07]} 5. h3
{[%clk 0:03:06]} Bh5 {[%clk 0:03:09]} 6. g4 {[%clk 0:03:06]} Bg6 {[%clk 0:03:10]}
7. Ne5 {[%clk 0:03:07]} Nbd7 {[%clk 0:03:10]} 8. Nxg6 {[%clk 0:03:07]} hxg6
{[%clk 0:03:11]} 9. Bg2 {[%clk 0:03:08]} e6 {[%clk 0:03:13]} 10. Nd2
{[%clk 0:03:09]} Be7 {[%clk 0:03:00]} 11. b3 {[%clk 0:03:06]} g5 {[%clk 0:02:57]}
12. Bb2 {[%clk 0:02:52]} Nf8 {[%clk 0:02:57]} 13. Qc2 {[%clk 0:02:53]} Ng6
{[%clk 0:02:58]} 14. O-O-O {[%clk 0:02:43]} Qd7 {[%clk 0:02:50]} 15. Kb1
{[%clk 0:02:43]} O-O-O {[%clk 0:02:36]} 16. a3 {[%clk 0:02:39]} Kb8
{[%clk 0:02:36]} 17. b4 {[%clk 0:02:40]} Ne8 {[%clk 0:02:21]} 18. Bf1
{[%clk 0:02:34]} f5 {[%clk 0:02:03]} 19. Bd3 {[%clk 0:02:15]} Rf8
{[%clk 0:02:04]} 20. c5 {[%clk 0:01:51]} Nh4 {[%clk 0:01:51]} 21. Rhf1
{[%clk 0:01:49]} Nf6 {[%clk 0:01:50]} 22. Be2 {[%clk 0:01:31]} Ne4
{[%clk 0:01:44]} 23. Nb3 {[%clk 0:01:31]} f4 {[%clk 0:01:31]} 24. Bd3
{[%clk 0:01:21]} fxe3 {[%clk 0:01:20]} 25. fxe3 {[%clk 0:01:18]} Rxf1
{[%clk 0:00:56]} 26. Rxf1 {[%clk 0:01:18]} Nf6 {[%clk 0:00:57]} 27. a4
{[%clk 0:01:09]} Ka8 {[%clk 0:00:54]} 28. b5 {[%clk 0:01:09]} Qc7
{[%clk 0:00:46]} 29. Ka2 {[%clk 0:01:00]} Qg3 {[%clk 0:00:43]} 30. Na5
{[%clk 0:00:58]} Qc7 {[%clk 0:00:32]} 31. Bc3 {[%clk 0:00:55]} e5
{[%clk 0:00:19]} 32. Rb1 {[%clk 0:00:53]} e4 {[%clk 0:00:16]} 33. Bf1
{[%clk 0:00:51]} Rb8 {[%clk 0:00:07]} 34. bxc6 {[%clk 0:00:36]} b6
{[%clk 0:00:05]} 35. Ba6 {[%clk 0:00:22]} bxa5 {[%clk 0:00:05]} 36. Bb7+
{[%clk 0:00:19]} Rxb7 37. Rxb7 {[%clk 0:00:20]} Qxc6 {[%clk 0:00:04]} 38. Rxe7
{[%clk 0:00:19]} Nf3 {[%clk 0:00:04]} 39. Qb3 {[%clk 0:00:19]} 1-0

[Event "Team Championship (men blitz)"]
[Site "Sochi"]
[Date "2017.10.05"]
[Round "12.26"]
[White "Murtazin, Ruslan"]
[Black "Pridorozhni, Aleksei"]
[Result "0-1"]
[LiveChessVersion "1.4.8"]
[BlackElo "2671"]
[WhiteElo "2200"]

1. e4 {[%clk 0:03:03]} c5 {[%clk 0:03:03]} 2. Nf3 {[%clk 0:03:04]} e6
{[%clk 0:03:04]} 3. d4 {[%clk 0:03:04]} cxd4 {[%clk 0:03:05]} 4. Nxd4
{[%clk 0:03:05]} Nf6 {[%clk 0:03:06]} 5. Nc3 {[%clk 0:03:06]} Nc6
{[%clk 0:03:07]} 6. Ndb5 {[%clk 0:03:04]} Bc5 {[%clk 0:03:08]} 7. Nd6+
{[%clk 0:02:36]} Ke7 {[%clk 0:03:09]} 8. Nxc8+ {[%clk 0:02:36]} Rxc8
{[%clk 0:03:10]} 9. Bd3 {[%clk 0:02:34]} Rg8 {[%clk 0:03:10]} 10. O-O
{[%clk 0:02:27]} g5 {[%clk 0:03:11]} 11. Kh1 {[%clk 0:02:04]} Ne5
{[%clk 0:03:05]} 12. Qe2 {[%clk 0:01:42]} a6 {[%clk 0:02:59]} 13. Be3
{[%clk 0:01:37]} Qc7 {[%clk 0:02:54]} 14. Bxc5+ {[%clk 0:01:21]} Qxc5
{[%clk 0:02:54]} 15. f4 {[%clk 0:01:16]} gxf4 {[%clk 0:02:47]} 16. Rxf4
{[%clk 0:01:17]} d6 {[%clk 0:02:15]} 17. Raf1 {[%clk 0:01:16]} Ned7
{[%clk 0:02:15]} 18. Qf3 {[%clk 0:00:36]} Qe5 {[%clk 0:02:13]} 19. Ne2
{[%clk 0:00:25]} Qxb2 {[%clk 0:01:54]} 20. c3 {[%clk 0:00:19]} Ne5
{[%clk 0:01:43]} 21. Qh3 {[%clk 0:00:15]} Ne8 {[%clk 0:00:44]} 22. Qxh7
{[%clk 0:00:10]} Rg7 {[%clk 0:00:44]} 23. Qh4+ {[%clk 0:00:11]} Kd7
{[%clk 0:00:41]} 24. Qh3 {[%clk 0:00:07]} Qxa2 {[%clk 0:00:35]} 25. R4f2
{[%clk 0:00:05]} Qa5 {[%clk 0:00:33]} 26. Bb1 {[%clk 0:00:05]} Qc5
{[%clk 0:00:28]} 27. Nd4 {[%clk 0:00:04]} Qxc3 {[%clk 0:00:11]} 28. Rxf7+
{[%clk 0:00:03]} Rxf7 {[%clk 0:00:12]} 29. Qxe6+ {[%clk 0:00:03]} Kc7
{[%clk 0:00:12]} 30. Rxf7+ {[%clk 0:00:04]} Nxf7 {[%clk 0:00:13]} 31. Qxf7+
{[%clk 0:00:04]} Kb8 {[%clk 0:00:13]} 32. Qf2 {[%clk 0:00:03]} Qc1+
{[%clk 0:00:12]} 0-1

[Event "Team Championship (men blitz)"]
[Site "Sochi"]
[Date "2017.10.05"]
[Round "12.27"]
[White "Jakovenko, Dmitry"]
[Black "Perov, German"]
[Result "1-0"]
[LiveChessVersion "1.4.8"]
[BlackElo "2152"]
[WhiteElo "2589"]

1. e4 {[%clk 0:03:03]} e5 {[%clk 0:03:03]} 2. Nf3 {[%clk 0:03:04]} Nf6
{[%clk 0:03:04]} 3. Nxe5 {[%clk 0:03:02]} d6 {[%clk 0:03:05]} 4. Nf3
{[%clk 0:03:02]} Nxe4 {[%clk 0:03:05]} 5. d4 {[%clk 0:03:03]} d5 {[%clk 0:03:07]}
6. Bd3 {[%clk 0:03:04]} Nc6 {[%clk 0:03:05]} 7. O-O {[%clk 0:03:00]} Be7
{[%clk 0:03:05]} 8. Nbd2 {[%clk 0:03:01]} Bg4 {[%clk 0:02:37]} 9. Nxe4
{[%clk 0:02:50]} dxe4 {[%clk 0:02:37]} 10. Bxe4 {[%clk 0:02:51]} Bxf3
{[%clk 0:02:35]} 11. Bxf3 {[%clk 0:02:46]} Nxd4 {[%clk 0:02:36]} 12. Bxb7
{[%clk 0:02:41]} Rb8 {[%clk 0:02:37]} 13. Be4 {[%clk 0:02:41]} O-O
{[%clk 0:02:29]} 14. c3 {[%clk 0:02:41]} Ne6 {[%clk 0:02:26]} 15. Qc2
{[%clk 0:02:41]} h6 {[%clk 0:02:16]} 16. Be3 {[%clk 0:02:38]} c5 {[%clk 0:02:06]}
17. Rad1 {[%clk 0:02:34]} Qc7 {[%clk 0:02:07]} 18. Bd5 {[%clk 0:02:32]} Nf4
{[%clk 0:01:49]} 19. Bc4 {[%clk 0:02:21]} Nh5 {[%clk 0:01:31]} 20. Qf5
{[%clk 0:02:06]} Nf6 {[%clk 0:01:28]} 21. Bf4 {[%clk 0:02:05]} Qc8
{[%clk 0:01:25]} 22. Qg6 {[%clk 0:01:58]} Rxb2 {[%clk 0:01:13]} 23. Bxh6
{[%clk 0:01:56]} Qg4 {[%clk 0:01:12]} 24. Qxg4 {[%clk 0:01:40]} Nxg4
{[%clk 0:01:13]} 25. Bc1 {[%clk 0:01:35]} Rb7 {[%clk 0:00:46]} 26. h3
{[%clk 0:01:30]} Ne5 {[%clk 0:00:46]} 27. Bd5 {[%clk 0:01:31]} Rb5
{[%clk 0:00:36]} 28. f4 {[%clk 0:01:24]} Ng6 {[%clk 0:00:32]} 29. Bc4
{[%clk 0:01:20]} Rb7 {[%clk 0:00:31]} 30. Be3 {[%clk 0:01:02]} Rc7
{[%clk 0:00:18]} 31. g3 {[%clk 0:00:53]} Bf6 {[%clk 0:00:17]} 32. Rd3
{[%clk 0:00:48]} Ne7 {[%clk 0:00:15]} 33. Rb1 {[%clk 0:00:48]} Nf5
{[%clk 0:00:16]} 34. Bf2 {[%clk 0:00:48]} Re8 {[%clk 0:00:08]} 35. g4
{[%clk 0:00:49]} 1-0

[Event "Team Championship (men blitz)"]
[Site "Sochi"]
[Date "2017.10.05"]
[Round "12.28"]
[White "Kasaeva, Sofiia"]
[Black "Kabanov, Nikolai"]
[Result "0-1"]
[LiveChessVersion "1.4.8"]
[BlackElo "2380"]
[WhiteElo "1539"]

1. e4 {[%clk 0:03:02]} c5 {[%clk 0:03:03]} 2. Nf3 {[%clk 0:03:03]} e6
{[%clk 0:03:04]} 3. d4 {[%clk 0:03:04]} cxd4 {[%clk 0:03:05]} 4. Nxd4
{[%clk 0:03:05]} Nf6 {[%clk 0:03:06]} 5. Nc3 {[%clk 0:02:59]} Nc6
{[%clk 0:03:07]} 6. Nxc6 {[%clk 0:02:56]} bxc6 {[%clk 0:03:07]} 7. e5
{[%clk 0:02:56]} Nd5 {[%clk 0:03:08]} 8. Ne4 {[%clk 0:02:57]} Qc7
{[%clk 0:03:09]} 9. f4 {[%clk 0:02:56]} Qb6 {[%clk 0:03:10]} 10. c4
{[%clk 0:02:04]} Ne3 {[%clk 0:03:09]} 11. Qe2 {[%clk 0:02:05]} Bb4+
{[%clk 0:03:03]} 12. Nc3 {[%clk 0:01:51]} Nf5 {[%clk 0:02:41]} 13. Qd3
{[%clk 0:01:32]} c5 {[%clk 0:02:33]} 14. Bd2 {[%clk 0:01:13]} Bb7
{[%clk 0:02:25]} 15. a3 {[%clk 0:01:13]} Bxc3 {[%clk 0:02:25]} 16. Bxc3
{[%clk 0:01:14]} O-O {[%clk 0:02:19]} 17. Rg1 {[%clk 0:00:54]} d5
{[%clk 0:02:18]} 18. g4 {[%clk 0:00:45]} Nd4 {[%clk 0:02:05]} 19. Bxd4
{[%clk 0:00:41]} cxd4 {[%clk 0:02:05]} 20. cxd5 {[%clk 0:00:37]} Bxd5
{[%clk 0:02:03]} 21. Rc1 {[%clk 0:00:27]} Rab8 {[%clk 0:01:58]} 22. b4
{[%clk 0:00:27]} a5 {[%clk 0:01:58]} 23. f5 {[%clk 0:00:24]} axb4
{[%clk 0:01:50]} 24. Rb1 {[%clk 0:00:15]} Qa5 {[%clk 0:01:37]} 25. Qxd4
{[%clk 0:00:11]} bxa3+ {[%clk 0:01:35]} 0-1